| 000 | 00679 a2200181 4500 | ||
|---|---|---|---|
| 020 | _a0470099356 | ||
| 040 |
_aDLC _bDLC |
||
| 082 | 0 | 0 | _a621.362 |
| 100 | 1 | _aHudson, Richard D., | |
| 245 | 1 | 0 |
_aInfrared system engineering _cRichard D. Hudson, Jr. |
| 260 |
_aHoboken, N.J. : _bWiley-Interscience, _cc2006. |
||
| 300 |
_axxvi, 642 p. : _bill. ; _c24 cm. |
||
| 490 | 0 | _aWiley series in pure and applied optics | |
| 650 | 0 | _aInfrared technology. | |
| 856 | 4 | 2 |
_3Publisher description _uhttp://www.loc.gov/catdir/enhancements/fy0741/2007272080-d.html |
| 856 | 4 | 2 |
_3Table of contents only _uhttp://www.loc.gov/catdir/enhancements/fy0741/2007272080-t.html |
| 942 |
_cBK _k621.362 HUD _2ddc |
||
| 999 |
_c7834 _d7834 |
||